Beginner’s Guide to Tax-Exempt Bonds for Affordable Housing

Bibliographic Details
Main Author: Hollis, Alysse
Other Authors: Froehlich, Richard M.
Format: eBook
Language:English
Published: Chicago: American Bar Association, 2016
Subjects:
Online Access:Acceso restringido

MARC

LEADER 00000nam a22000007a 4500
005 20210226222131.0
007 cr|||| ||||
008 210226s2016 us |||||s|||| 00||0 eng d
020 |a 9781634255424 
035 |a 33064 
040 |a vLex 
090 |c 11305  |d 11305 
100 1 |a Hollis, Alysse 
245 1 0 |a Beginner’s Guide to Tax-Exempt Bonds for Affordable Housing  |h [Recurso electrn̤ico] /  |c Alysse Hollis, Richard M. Froehlich 
256 |a Servicio en ln̕ea 
260 |a Chicago:  |b American Bar Association,  |c 2016 
300 |a 1 recurso electrn̤ico 
506 1 |a Disponible solo en los productos indicados  |d vLex Global  |d vLex Global (Academic Edition, excluding Law Schools)  |d vLex Global (Academic Edition, Law Schools) 
650 0 4 |a Tax Law  |z Estados Unidos 
700 1 |a Froehlich, Richard M. 
740 0 |a vLex Libros (Servicio en ln̕ea) 
856 4 0 |u http://vlex.com/source/beginners-guide-tax-exempt-bonds-affordable-housing-33064  |z Acceso restringido 
942 |c BOOK 
999 0 |a Tax Law